Metódy vzdelávania na Ekonomickej univerzite v Bratislave, Podnikovohospodárskej fakulte so sídlom Košice

Salvato in:
Dettagli Bibliografici
Autore principale: Ferencová, Martina
Altri autori: Bašistová, Alena
Natura: Capitolo di libro
Lingua:slovacco
Tags: Aggiungi Tag
Nessun Tag, puoi essere il primo ad aggiungerne!!

MARC

LEADER 00000naa$a2200000$$$4500
001 0091931
005 20240502072027.4
041 0 |a slo 
044 |a SK 
245 1 0 |a Metódy vzdelávania na Ekonomickej univerzite v Bratislave, Podnikovohospodárskej fakulte so sídlom Košice  |c Martina Ferencová, Alena Bašistová 
100 1 |a Ferencová, Martina 
700 1 |a Bašistová, Alena